000 00442nam a2200181Ia 4500
001 23826
005 20260414151003.0
008 260414t2021||||xx |||||||||||||| ||spa||
041 _aESP
082 _a720
_bC24
100 _aCampo Baeza, Alberto,
_eAUT
245 0 _aAlberto Campo Baeza :
_brquitectura 2001-2014
260 _c2021
300 _a237 páginas :
_c29 cm.
650 _aABD
654 _aCAU
942 _cLIB
_dJUS
_fJUS
_2ddc
_n
999 _c23826
_d23826